000 00675cas a22002417a 4500
001 109532
003 UA-OsUOA
005 20211008115400.0
007 ta
008 201501c n ||un ||n| 00| 0 ukr dukr d
040 _aUA-OsUOA
_bukr
_cUA-OsUOA
_dUA-OsUOA
041 _aukr
044 _aUA
080 _a32
090 _a32
_bР57
099 _a08901
245 _aРівненська газета
_cгол. ред. Голубєв В.
_bрівненський інформаційний портал
260 _aРівне
650 7 _a32 Політика
_2UDC
942 _cNP
_2udc
955 _a0
999 _c395477
_d395477